000 00340nam a2200145Ia 4500
008 090124s9999 xx 000 0 und d
082 _b35387
245 _a वंश
250 _a1
260 _bजाखोटिया गिरीश प.
_c2008
300 _a246
630 _a वंश
730 _a वंश
942 _cBOOK
999 _c200406
_d200406